00221 a2200121 4500001000700000020000600007040001100013100002900024240001700053245001200070300000800082362000900090183117 a  cMagnum aDicke, Ricardo Guilherme10aCaieiralpor10aCaieira a2550 a1978